| 000 | 00438nam a2200145Ia 4500 | ||
|---|---|---|---|
| 008 | 231129s1994||||xx |||||||||||||| ||spa|| | ||
| 020 | _a84-7583-735-2 | ||
| 040 | _bspa | ||
| 082 | _a658.4092 L844g | ||
| 100 | _aLombriser Roman | ||
| 245 | 0 | _aGrandes intraempresarios: Desarrollo de nuevos negocios dentro de las organizaciones | |
| 260 | _c1994 | ||
| 264 | _aEdiciones Folio | ||
| 942 |
_2ddc _cBKS |
||
| 999 |
_c14645 _d14645 |
||